| 000 | 01025nam a22002777a 4500 | ||
|---|---|---|---|
| 999 |
_c5314 _d5314 |
||
| 003 | AR-CdUCM | ||
| 008 | 190312b ||||| |||| 00| 0 spa d | ||
| 020 | _a978-9972-38-909-2 | ||
| 040 |
_aMUNICIPALIDAD PROVINCIAL DEL CUSCO _cBIBLIOTECA MUNICIPAL DEL CUSCO |
||
| 082 |
_a985.07 / _bR35 _22ed. |
||
| 100 |
_aReaño García, José _916065 |
||
| 245 |
_aHistoria del leguiismo : _bsus hombres y sus obras / |
||
| 260 |
_aLima : _bSan Marcos, _c2009. |
||
| 300 |
_a133 páginas : _bilustraciones, _c24 cm. |
||
| 500 | _aEdición facsimilar | ||
| 505 | _aContenido: Patria nueva -- Relaciones exteriores -- Gobierno -- Justicia, instrucción, culto y beneficencia ... | ||
| 650 |
_aHistoria _9136 |
||
| 650 |
_aAugusto B. Leguía Salcedo _916066 |
||
| 650 |
_aOncenio de Leguía _916067 |
||
| 650 |
_aGobiernos peruanos _916068 |
||
| 650 |
_aSiglo XX _98 |
||
| 700 |
_aLeguia Olivera, Enriqueta (Prólogo y epílogo) _916069 |
||
| 710 |
_aFundación Augusto B. Leguía _916070 |
||
| 942 |
_2ddc _cLIBROS |
||
| 945 | _aJavier | ||